Catalog

Record Details

Catalog Search



Available copies

  • 2 of 2 copies available at LARL/NWRL Consortium.
  • 2 of 2 copies available at Lake Agassiz Regional Library. (Show preferred library)

Current holds

0 current holds with 2 total copies.

Show Only Available Copies
Location Call Number / Copy Notes Barcode Shelving Location Status Due Date
Crookston Public Library SF DRA (Text) 33500014073084 Main Available -
Moorhead Public Library SF DRA (Text) 33500014073076 Main Available -

Record details

  • ISBN: 9781492683896
  • ISBN: 1492683892
  • Physical Description: 292 pages ; 22 cm.
  • Publisher: Naperville, Illinois : Sourcebooks Casablanca, [2024]

Content descriptions

Summary, etc.:
"Marie Xiao lives a double life, moonlighting as a ... Read More
Subject: Witches > Fiction.
Villains > Fiction.
Magic > Fiction.
Genre: Mythological fiction.
Fantasy fiction.
Witch fiction.
Novels.
LDR 02808cam a22004938i 4500
001444369
003LARL_NWRL_CONSORTIUM
00520241011170710.0
008240223t20242024ilu 000 1 eng
010 . ‡a 2024007643
040 . ‡aDLC ‡beng ‡erda ‡cDLC ‡dOCLCO ‡dYDX ‡dZDX ‡dOCO ‡dOCLCO ‡dOJ4 ‡dON8 ‡dOCLCO ‡dIMD
020 . ‡a9781492683896 ‡q(trade paperback)
020 . ‡a1492683892 ‡q(trade paperback)
035 . ‡a(OCoLC)1410389554
042 . ‡apcc
08200. ‡a813/.6 ‡223/eng/20240223
1001 . ‡aDrake, Piper J., ‡d1976- ‡eauthor. ‡1https://id.oclc.org/worldcat/entity/E39PCjM7BkvK9WKdBcCPQQhcxC
24510. ‡aFangs so bright and deadly / ‡cPiper J. Drake.
264 1. ‡aNaperville, Illinois : ‡bSourcebooks Casablanca, ‡c[2024]
264 4. ‡c©2024
300 . ‡a292 pages ; ‡c22 cm.
336 . ‡atext ‡btxt ‡2rdacontent
337 . ‡aunmediated ‡bn ‡2rdamedia
338 . ‡avolume ‡bnc ‡2rdacarrier
4900 . ‡aMythwoven ; ‡v2
520 . ‡a"Marie Xiao lives a double life, moonlighting as a freelance consultant in corporate Seattle even as she dedicates herself-and her powers as a witch-to chasing down objects of myth and magic before they can be used to harm humankind. She carefully guards the bridges between worlds and has never once been tempted to stray. Until she catches the eye of a pair-bonded kitsune and gumiho. Japanese and Korean fox demons Yamamoto Kuro and Joseph Choe have been hoping to cross paths with Marie since their first chance meeting at an artifact retrieval gone decidedly wrong. They may work for the chaotic Babel-enemy to Marie's own Darke Consortium-but they don't see any reason why they can't mingle a little work and play...especially when a (literal) dead man waltzes into their impromptu reunion, raising intriguing questions about a deeper magic that may be afoot. Temporarily teaming up, the trio investigate the unusual unrest...but as loyalties begin to shift and lines blur. Kuro, Joe, and Marie may find themselves at the precipice of something none of them are prepared to face...or deny"-- ‡cProvided by publisher.
650 0. ‡aWitches ‡vFiction. ‡0(LARL_NWRL_CONSORTIUM)168002
650 0. ‡aVillains ‡vFiction.
650 0. ‡aMagic ‡vFiction. ‡0(LARL_NWRL_CONSORTIUM)165984
655 7. ‡aMythological fiction. ‡2lcgft
655 7. ‡aFantasy fiction. ‡2lcgft
655 7. ‡aWitch fiction. ‡2lcgft
655 7. ‡aNovels. ‡2lcgft
901 . ‡a444369 ‡bOCoLC ‡c444369 ‡tbiblio ‡soclc

Additional Resources